000 00811nam a2200265Ia 4500
003 OSt
005 20221006140840.0
006 a|||||r|||| 00| 0
007 ta
008 221006b |||||||| |||| 00| 0 eng d
024 _a780
037 _bGift, Japan Foundation
_cTextual
040 _aEASL
_cEASL
_beng
041 _2eng
_aeng
082 _aO41,3x, M6
100 _aLiu Guohui
_9643571
245 0 _aTiger Spring =Tora no hotta izumi
260 _aBeijing
_bZhejiang People's Fine Arts Pub. House China
_c1986
300 _a64p.
_ccm.
500 _aBilingual - Translation also available in Japanese as well as Chinese language.
650 _a Bilingual
_9643572
650 _aCEL
942 _hO41,3x, M6
_cTEXL
_2CC
999 _c1068866
_d1068866